[Event "Campeonato de Aragon por Equipos 2009"]
[Site "Aragon"]
[Date "2009.01.24"]
[Round "1.35"]
[White "Alsina Franco Sergi"]
[Black "Garcia Andres Daniel"]
[Result "1-0"]
[WhiteElo "2112"]
[BlackElo "2039"]

1.e4 e5 2.Bc4 Nf6 3.d3 Bc5 4.Nf3 Nc6 5.a3 a5 6.Nc3 d6 7.Bg5 Be6 8.Bb5 O-O 9.
Bxc6 bxc6 10.d4 exd4 11.Nxd4 Bd7 12.Nb3 Bb6 13.Qf3 Re8 14.O-O-O Re5 15.Bxf6
Qxf6 16.Qxf6 gxf6 17.Nd4 Rg5 18.g3 Bg4 19.f3 Bxd4 20.Rxd4 Bxf3 21.Rf1 Bg4 22.
Rxf6 Kg7 23.Rf2 Re8 24.Rf4 h5 25.Nd1 c5 26.Ra4 Ra8 27.Rc4 Be2 28.Rc3 Bxd1 29.
Kxd1 Re8 30.Kd2 Rge5 31.Kd3 f5 32.exf5 Kf6 33.Kc4 c6 34.Rcf3 Re2 35.Rf2 R2e3
36.Rd2 Ke5 37.f6 Rb8 38.Rd3 Rxd3 39.Kxd3 Rf8 40.f7 d5 41.Rh4 c4+ 42.Kc3 Rxf7
43.Rxh5+ Ke4 44.b4 Rf3+ 45.Kb2 axb4 46.axb4 d4 47.Rc5 c3+ 48.Kb3 Rf6 49.g4 Kf4
50.g5 Rg6 51.h4 Kg4 52.Rc4 Kxh4 53.Rxd4+ Kxg5 54.Kxc3 Kf5 55.Kc4 Ke5 56.Kc5
Rg8 57.Rh4 Rg6 58.Rh5+ Ke4 59.c4 Kd3 60.Rh4 Kc3 61.b5 cxb5 62.cxb5 Rg5+ 63.Kb6
Rg2 64.Kb7 Rb2 65.b6 1-0

[Event "Campeonato de Aragon por Equipos 2009"]
[Site "Aragon"]
[Date "2009.01.24"]
[Round "1.36"]
[White "Campo Berdala Carlos"]
[Black "Cuello Borau Jorge"]
[Result "1/2-1/2"]
[WhiteElo "1619"]
[BlackElo "1863"]

1.c4 e5 2.Nc3 Nf6 3.g3 d5 4.cxd5 Nxd5 5.Bg2 Nb6 6.Nf3 Nc6 7.O-O Be7 8.d3 O-O
9.b3 Be6 10.Bb2 f6 11.Rc1 Nb4 12.Nd2 N4d5 13.Nde4 Nxc3 14.Nxc3 Nd5 15.Nxd5
Bxd5 16.Bxd5+ Qxd5 17.Rxc7 Bd6 18.Rc2 f5 19.e4 Qe6 20.exf5 Qxf5 21.Qe2 Rac8
22.Rxc8 Rxc8 23.Rc1 Rf8 24.Rc2 Rd8 25.Qe4 Qh5 26.Re2 Bb8 27.Bxe5 Bxe5 28.Qxe5
Qxe5 29.Rxe5 Rxd3 30.Re7 Rd2 31.a4 b6 32.Rxa7 Rb2 33.Rb7 Rxb3 34.a5 Ra3 35.
axb6 Rb3 36.h4 h6 37.Kg2 h5 38.Re7 Rxb6 39.Re3 Kh7 40.f4 Rb4 41.Kf3 Ra4 42.g4
hxg4+ 43.Kxg4 g6 44.Kg5 Ra5+ 45.Re5 Ra7 46.h5 gxh5 47.Kxh5 Ra6 48.Re7+ Kg8 49.
f5 Kf8 50.Rb7 Rf6 51.Kg5 Ra6 52.f6 Ra1 53.Rb4 Kf7 54.Rb7+ Kf8 1/2-1/2

[Event "Campeonato de Aragon por Equipos 2009"]
[Site "Aragon"]
[Date "2009.01.24"]
[Round "1.37"]
[White "Latorre Abad Fernando"]
[Black "Lopez Gracia Fernando"]
[Result "0-1"]
[WhiteElo "2056"]
[BlackElo "2297"]

1.e4 c5 2.Nf3 e6 3.d3 Nc6 4.g3 g6 5.Bg2 Bg7 6.h4 h6 7.O-O Nge7 8.c3 O-O 9.e5
d6 10.exd6 Qxd6 11.Qe2 e5 12.Na3 Bf5 13.d4 cxd4 14.Nc4 Qe6 15.Nfd2 Rad8 16.Be4
Bxe4 17.Qxe4 f5 18.Qg2 e4 19.cxd4 Nxd4 20.Kh1 Nd5 21.Ne3 0-1

[Event "Campeonato de Aragon por Equipos 2009"]
[Site "Aragon"]
[Date "2009.01.24"]
[Round "1.38"]
[White "Gimenez Martinez Alberto"]
[Black "Cobo Garrido Diego Israel"]
[Result "1-0"]
[WhiteElo "2090"]
[BlackElo "2026"]

1.e4 c5 2.Nf3 Nc6 3.d4 cxd4 4.Nxd4 Nf6 5.Nc3 e5 6.Ndb5 d6 7.Bg5 a6 8.Na3 b5 9.
Bxf6 gxf6 10.Nd5 Bg7 11.c3 f5 12.exf5 Bxf5 13.Nc2 O-O 14.Nce3 Be6 15.Bd3 f5
16.O-O Ne7 17.Nxe7+ Qxe7 18.Bxf5 Rad8 19.Bxe6+ Qxe6 20.Qd5 Qf7 21.Rad1 Kh8 22.
Qxf7 Rxf7 23.Rd5 Bf8 24.b3 Rc8 25.c4 Rb7 26.g3 Rc5 27.Rxc5 dxc5 28.Rd1 Kg7 29.
Kg2 Kf6 30.Kf3 Ke6 31.Ke4 Rf7 32.f3 Bh6 33.Rd5 bxc4 34.bxc4 1-0

[Event "Campeonato de Aragon por Equipos 2009"]
[Site "Aragon"]
[Date "2009.01.24"]
[Round "1.39"]
[White "Gimeno Diaz Fernando"]
[Black "Arregui Untoria Carlos"]
[Result "1/2-1/2"]
[WhiteElo "1890"]
[BlackElo "2003"]

1.d4 Nf6 2.Nf3 e6 3.c4 Bb4+ 4.Nc3 b6 5.g3 Bb7 6.Bg2 Ne4 7.Qc2 f5 8.O-O Bxc3 9.
bxc3 Nf6 10.Ba3 d6 $2 (10...Be4 11.Qb3 d6 12.c5 Qd7 13.Ng5 Bxg2 14.Kxg2 d5 15.
c4 h6 16.Nf3 dxc4 17.Qxc4) 11.d5 O-O 12.Nd4 Nbd7 13.Nxe6 Qe7 14.Nxf8 Rxf8 15.
e3 (15.Qxf5 Qxe2 16.Qe6+ Qxe6 17.dxe6 Bxg2 18.Kxg2 Ne5 19.Rfe1 Nxc4 20.Bc1)
15...a5 16.Rfd1 Ba6 17.Rd4 Ne5 18.Qxf5 Bxc4 19.Qc2 $2 (19.f4 Nfg4 (19...Nxd5
20.Bxd5+ Bxd5 21.Qxe5 $1 dxe5 22.Bxe7 exd4 23.Bxf8 Kxf8 24.cxd4 b5 25.a4 b4
26.Rc1 c6 27.Rc5) 20.Qe6+ Qxe6 21.dxe6 Bxe6 22.fxe5 Nxe5) 19...Ba6 20.c4 Nfg4
21.Rf1 Qg5 22.Rf4 {En este momento perdíamos por 3-0 así que le ofrecí tablas a mi rival aún sabiendo que estaba mucho mejor, para acabar antes, mi rival pensó mucho pero las aceptó, lógicamente si el encuentro no hubiera estado decidido hubiera seguido.}
(22.Rf4 Qh5 23.Rxf8+ Kxf8 24.h3 Nf6) 1/2-1/2

[Event "Campeonato de Aragon por Equipos 2009"]
[Site "Aragon"]
[Date "2009.01.24"]
[Round "1.40"]
[White "Cebollada Pacheco Jesus Raul"]
[Black "Gayan Carceller Miguel Angel"]
[Result "1-0"]
[WhiteElo "1992"]
[BlackElo "1888"]

1.e4 e6 2.d4 d5 3.Nd2 dxe4 4.Nxe4 Nd7 5.Bd3 Ngf6 6.Qe2 Be7 7.Nxf6+ Nxf6 8.Nf3
O-O 9.Bg5 Rb8 10.O-O-O b6 11.Kb1 Bb7 12.h4 Qd5 13.c4 Qa5 14.Ne5 Rfe8 15.Rh3
Rbd8 16.Bc2 a6 17.Bd2 Bb4 18.Ra3 Bxd2 19.Rxa5 Bxa5 20.g4 Bb4 21.g5 Nd7 22.
Bxh7+ 1-0

[Event "Campeonato de Aragon por Equipos 2009"]
[Site "Aragon"]
[Date "2009.01.24"]
[Round "1.41"]
[White "Ramiro Ovejero Juan Luis"]
[Black "Malo Guillen Jose Luis"]
[Result "1-0"]
[WhiteElo "2345"]
[BlackElo "2162"]

1.d4 d5 2.Nf3 c5 3.c3 cxd4 4.cxd4 Nc6 5.Nc3 Nf6 6.Bf4 e6 7.e3 Bd6 8.Bb5 O-O 9.
O-O Qc7 10.Bxd6 Qxd6 11.Bxc6 bxc6 12.Qa4 Nd7 13.e4 Nb6 14.Qc2 h6 15.e5 Qe7 16.
Na4 Nxa4 17.Qxa4 c5 18.Qa3 Qb7 19.dxc5 a5 20.Rac1 Bd7 21.Nd4 Rfc8 22.Qc3 Bc6
23.f4 Qb4 24.a3 Qxc3 25.Rxc3 a4 26.f5 exf5 27.Nxf5 Rc7 28.Rg3 g6 29.Nxh6+ Kg7
30.Nf5+ Kg8 31.Nd4 Be8 32.c6 Rb8 33.Rf2 Re7 34.Re3 Rb6 35.h4 f5 36.h5 Bxc6 37.
hxg6 Bd7 38.e6 Be8 39.Rg3 Reb7 40.Rxf5 Rxb2 41.Rxd5 R2b6 42.Rd8 Rb8 43.Rxb8
Rxb8 44.Nf5 Rb6 45.g7 1-0

[Event "Campeonato de Aragon por Equipos 2009"]
[Site "Aragon"]
[Date "2009.01.24"]
[Round "1.42"]
[White "Alonso Blasco Jose Miguel"]
[Black "Alonso Fernandez Revuelta Rodri"]
[Result "1-0"]
[WhiteElo "2098"]
[BlackElo "2129"]

1.e4 e6 2.d4 d5 3.Nd2 Nf6 4.e5 Nfd7 5.c3 c5 6.Bd3 b6 7.Ne2 Ba6 8.Bxa6 Nxa6 9.
O-O Be7 10.f4 cxd4 11.cxd4 g6 12.g4 O-O 13.f5 Qc7 14.f6 Bb4 15.a3 Bxd2 16.Qxd2
Kh8 17.Rf3 Rg8 18.Rh3 Nf8 19.Rc3 Qb7 20.Qe1 g5 21.h4 Rc8 22.Rxc8 Qxc8 23.Bxg5
h6 24.Rc1 Qe8 25.Bxh6 Rxg4+ 26.Kh1 Ng6 27.Bg5 Qg8 28.Rc3 Nb8 29.Qc1 Nd7 30.h5
Ngf8 31.Rg3 Rxg3 32.Nxg3 Nh7 33.Bf4 Qg4 34.Kg2 Nhf8 35.Bh6 Qxd4 36.Bxf8 1-0

[Event "Campeonato de Aragon por Equipos 2009"]
[Site "Aragon"]
[Date "2009.01.24"]
[Round "1.43"]
[White "Galvez Perez Jose Luis"]
[Black "Querol Soro Sergio"]
[Result "1/2-1/2"]
[WhiteElo "2072"]
[BlackElo "1959"]

1.Nf3 Nf6 2.g3 g6 3.Bg2 d6 4.O-O e5 5.d3 Bg7 6.e4 Bd7 7.c3 Qc8 8.Qb3 Nc6 9.
Nbd2 Be6 10.Qa4 Bd7 11.b4 a6 12.Qb3 Be6 13.c4 Bh3 14.b5 Na5 15.Qc3 b6 16.Nb3
Nb7 17.Be3 h5 18.Bg5 Nh7 19.Be3 h4 20.d4 hxg3 21.fxg3 Nf6 22.Ng5 Bxg2 23.Kxg2
Ng4 24.Bg1 Nd8 25.h3 exd4 26.Bxd4 Ne5 27.h4 1/2-1/2

[Event "Campeonato de Aragon por Equipos 2009"]
[Site "Aragon"]
[Date "2009.01.24"]
[Round "1.44"]
[White "Mombiela de Sus Jose Luis"]
[Black "Carraminana Lopez Luis Antonio"]
[Result "0-1"]
[WhiteElo "1957"]
[BlackElo "1961"]

1.Nf3 c5 2.e3 Nf6 3.d4 e6 4.Bd3 b6 5.O-O g6 6.dxc5 bxc5 7.e4 Bg7 8.Bf4 d5 9.
exd5 Nxd5 10.Be5 f6 11.Bg3 Bb7 12.Re1 Kf7 13.Nbd2 Re8 14.Ne4 Bf8 15.a3 Nc6 16.
c4 Nc7 17.Rb1 e5 18.b4 cxb4 19.c5 a5 20.Qb3+ Kg7 21.Rbd1 Ne6 22.Bb5 Ned4 23.
Nxd4 Nxd4 24.Qb1 Re6 25.f4 exf4 26.Bf2 Nxb5 27.Rxd8 Rxd8 28.axb4 Bxe4 29.Rxe4
Nc3 30.Qb3 Nxe4 31.h3 Rde8 32.Be1 Nxc5 33.bxc5 Bxc5+ 0-1

[Event "Campeonato de Aragon por Equipos 2009"]
[Site "Aragon"]
[Date "2009.01.24"]
[Round "1.45"]
[White "Horton Justin"]
[Black "Portero Garnica Miguel Angel"]
[Result "1-0"]
[WhiteElo "2137"]
[BlackElo "2179"]

1.d4 d5 2.Nf3 Nf6 3.c4 e6 4.Nc3 Be7 5.Bg5 O-O 6.e3 h6 7.Bh4 Ne4 8.Bxe7 Qxe7 9.
Rc1 c6 10.Bd3 Nxc3 11.Rxc3 dxc4 12.Bxc4 Nd7 13.O-O Rd8 14.Bd3 e5 15.dxe5 Re8
16.Bb1 Nxe5 17.Nxe5 Qxe5 18.f4 Qc7 19.Qc2 f5 20.g4 g6 21.Qg2 Kh7 22.e4 Rf8 23.
h4 fxg4 24.f5 h5 25.fxg6+ Kg7 26.Rxf8 Kxf8 27.Qf2+ Kg7 28.Qd4+ Kxg6 29.e5+ Bf5
30.Bxf5+ Kxf5 31.Qd3+ Ke6 32.Qg6+ Kd5 33.Rd3+ Kc5 34.Rc3+ Kd5 35.Rd3+ Kc5 36.
Qe6 b5 37.Rd7 Qa5 38.Qd6+ Kb6 39.Qc7+ 1-0

[Event "Campeonato de Aragon por Equipos 2009"]
[Site "Aragon"]
[Date "2009.01.24"]
[Round "1.46"]
[White "Fabre Perez Jose Maria"]
[Black "Abos Rosico Antonio"]
[Result "1-0"]
[WhiteElo "2092"]
[BlackElo "2047"]

1.e4 d6 2.d4 Nf6 3.Nc3 g6 4.Bg5 Bg7 5.f4 O-O 6.Qd2 c6 7.Nf3 b5 8.Bd3 b4 9.Nd1
Na6 10.O-O Rb8 11.Ne3 c5 12.e5 cxd4 13.exf6 exf6 14.Nxd4 Qb6 15.Bxa6 fxg5 16.
Rfd1 Bxa6 17.fxg5 Rbc8 18.Nd5 Qxd4+ 19.Qxd4 Bxd4+ 20.Rxd4 Rxc2 21.Nxb4 Rc4 22.
Rad1 Rxd4 23.Rxd4 Be2 24.Rxd6 Rb8 25.Nd5 Kg7 26.Nf6 Bc4 27.b3 Be6 28.Ra6 h6
29.Ne4 Rb4 30.gxh6+ Kxh6 31.Nc5 Bd5 32.Rxa7 Rg4 33.g3 Rd4 34.Rd7 Rd1+ 35.Kf2
f5 36.a4 Bxb3 37.Rxd1 Bxd1 38.a5 g5 39.a6 g4 40.a7 Bf3 41.Ne6 Kg6 42.Nc7 1-0

[Event "Campeonato de Aragon por Equipos 2009"]
[Site "Aragon"]
[Date "2009.01.24"]
[Round "1.47"]
[White "Gonzalez Gambau Jorge"]
[Black "Sebastian Bespin Ruben"]
[Result "0-1"]
[WhiteElo "2033"]
[BlackElo "2086"]

1.e4 e6 2.Nc3 d5 3.Nf3 Nf6 4.e5 Nfd7 5.d4 c5 6.dxc5 Nc6 7.Bf4 Bxc5 8.Bd3 f6 9.
exf6 Nxf6 10.Qe2 O-O 11.O-O-O Qa5 12.Kb1 a6 13.Ne5 Ba3 14.Nxc6 bxc6 15.bxa3
Qxc3 16.Bd6 Rf7 17.Bb4 Rb8 18.Qe3 Rxb4+ 19.axb4 Qxb4+ 20.Kc1 Ng4 21.Qh3 Qa3+
22.Kd2 Rxf2+ 23.Be2 Qb4+ 24.Kc1 Rxe2 25.Qh5 Qf4+ 26.Kb1 g6 27.Qh4 Qb4+ 28.Kc1
Rxc2+ 0-1

[Event "Campeonato de Aragon por Equipos 2009"]
[Site "Aragon"]
[Date "2009.01.24"]
[Round "1.48"]
[White "Ruiperez Ramon"]
[Black "Rodriguez Avellanas Jose Manuel"]
[Result "1-0"]
[WhiteElo "1834"]
[BlackElo "1821"]

1.e4 c6 2.d4 d5 3.e5 e6 4.Nf3 c5 5.c3 Nc6 6.Bd3 cxd4 7.cxd4 Bb4+ 8.Bd2 Bxd2+
9.Nbxd2 Qb6 10.O-O Nge7 11.Nb3 h6 12.Kh1 a6 13.Rc1 O-O 14.Bb1 g6 15.Qd2 Kg7
16.Rc3 Ng8 17.h4 Nce7 18.Rg1 Qd8 19.g4 b6 20.h5 a5 21.Nh2 Ra7 22.f4 Rc7 23.Rh3
Qe8 24.Nf3 f5 25.gxf5 exf5 26.hxg6 Be6 27.Qh2 Qc8 28.Ng5 Qd7 29.Nh7 Rfc8 30.
Nf6 Qb5 31.Nh5+ Kf8 32.g7+ Kf7 33.Nf6 a4 34.Rxh6 Nxh6 35.Qh5+ 1-0

[Event "Campeonato de Aragon por Equipos 2009"]
[Site "Aragon"]
[Date "2009.01.24"]
[Round "1.49"]
[White "Gavin Roche Enrique"]
[Black "Hernandez Delgado Gabriel"]
[Result "1-0"]
[WhiteElo "2278"]
[BlackElo "2023"]

1.d4 d5 2.c4 c6 3.Nc3 Nf6 4.e3 e6 5.Nf3 Nbd7 6.Qc2 Be7 7.a3 dxc4 8.Bxc4 O-O 9.
O-O Qc7 10.h3 e5 11.Re1 exd4 12.exd4 Nb6 13.Ba2 Qd6 14.Bg5 Nbd5 15.Re5 Be6 16.
Rae1 Rad8 17.Bb1 g6 18.Nh4 Nc7 19.Nf5 Bxf5 20.Rxf5 Nfd5 21.Nxd5 Nxd5 22.Rxd5
Qxd5 23.Bxe7 Rfe8 24.Re3 Rd7 25.Bh4 Rxe3 26.fxe3 b6 27.Qf2 c5 28.b4 cxb4 29.
axb4 Rc7 30.Ba2 Rc1+ 31.Kh2 Qd7 32.Bf6 Rc8 33.Be5 Qe7 34.Bd5 Kf8 35.Qf4 Kg8
36.Bd6 Qd7 37.Qf6 a5 38.Be5 Kf8 39.e4 1-0

[Event "Campeonato de Aragon por Equipos 2009"]
[Site "Aragon"]
[Date "2009.01.24"]
[Round "1.50"]
[White "De la Riva Fernandez Eduardo"]
[Black "Lopez Guaita Fernando"]
[Result "1-0"]
[WhiteElo "1972"]
[BlackElo "2062"]

1.e4 d5 2.exd5 Nf6 3.d4 Qxd5 4.Nc3 Qd8 5.Nf3 e6 6.Be2 Be7 7.O-O O-O 8.Re1 b6
9.Ne5 Bb7 10.Bf3 c6 11.Bf4 Nd5 12.Nxd5 cxd5 13.c3 Nd7 14.Nxd7 Qxd7 15.Qd3 Bf6
16.Bd1 Bc6 17.Bc2 g6 18.Qg3 Ba4 19.b3 Bb5 20.h4 Qe7 21.h5 Bh4 22.Qh2 Rfc8 23.
Re3 Bg5 24.hxg6 fxg6 25.Bd6 Qg7 26.f4 Bf6 27.Qh3 Bd7 28.Be5 Rc6 29.b4 Rcc8 30.
Rf1 Bxe5 31.Rxe5 Rc7 32.Rf3 a5 33.b5 a4 34.a3 Ra5 35.Kh2 Bc8 36.Qh4 Qe7 37.Qg4
Qg7 38.Rg3 Rxb5 39.Qh4 Qf7 40.Qh5 Qe8 41.f5 Rb2 42.fxg6 h6 43.Qxh6 Qf8 44.g7
Rxg7 45.Rxg7+ Qxg7 46.Rg5 1-0

[Event "Campeonato de Aragon por Equipos 2009"]
[Site "Aragon"]
[Date "2009.01.24"]
[Round "1.51"]
[White "Bayod Rubia Angel"]
[Black "Machin Torcal Eduardo"]
[Result "1/2-1/2"]
[WhiteElo "2041"]
[BlackElo "1896"]

1.e4 e5 2.Nf3 Nc6 3.d4 exd4 4.Nxd4 Bc5 5.Be3 Nxd4 6.Bxd4 Bxd4 7.Qxd4 Qf6 8.e5
Qb6 9.Qc3 Ne7 10.Bc4 O-O 11.O-O d5 12.exd6 Qxd6 13.Na3 c6 14.Rad1 Qb8 15.Rfe1
Ng6 16.b4 a6 17.Bb3 Qc7 18.Nc4 Be6 19.a4 Rad8 20.Rxd8 Rxd8 21.Ne3 Bxb3 22.Nf5
f6 23.Qxb3+ Qf7 24.Qe3 Qd7 25.g4 Kf7 26.h3 Kf8 27.c4 Qd2 28.Qc5+ Kg8 29.Re3
Qd7 30.Ne7+ Kf7 31.Nf5 Kg8 32.h4 Ne5 33.f3 Qd1+ 34.Kf2 Nd3+ 35.Rxd3 Qxd3
1/2-1/2

[Event "Campeonato de Aragon por Equipos 2009"]
[Site "Aragon"]
[Date "2009.01.24"]
[Round "1.52"]
[White "Requena Munguira Jorge"]
[Black "Ferrer Echevarri Francisco Javi"]
[Result "1-0"]
[WhiteElo "1859"]
[BlackElo "1969"]

1.d4 f5 2.c4 Nf6 3.Nc3 e6 4.Nf3 Be7 5.Qc2 O-O 6.Bf4 d5 7.e3 c6 8.Bd3 Ne4 9.h4
Nd7 10.O-O-O a5 $2 11.h5 Ndf6 12.Ne5 Nxc3 13.Qxc3 Bd7 14.Rdg1 dxc4 15.Qxc4 b5
16.Qc2 c5 17.dxc5 Bxc5 18.Kb1 Rc8 19.Qe2 Nd5 20.g4 Nxf4 21.exf4 Bc6 22.Rh3 Qe8
23.gxf5 exf5 24.Rhg3 Rc7 25.Qc2 Be4 26.Bxe4 fxe4 27.Qb3+ Kh8 28.Ng6+ 1-0

[Event "Campeonato de Aragon por Equipos 2009"]
[Site "Aragon"]
[Date "2009.01.24"]
[Round "1.53"]
[White "Gonzalvo Lara Victor"]
[Black "Guzman Moneo Alberto"]
[Result "1/2-1/2"]
[WhiteElo "2108"]
[BlackElo "2231"]

1.e4 e6 2.d3 c5 3.Nf3 Nc6 4.g3 d5 5.Nbd2 Nf6 6.Bg2 g6 7.O-O Bg7 8.exd5 Nxd5 9.
Ne4 b6 10.Bg5 f6 11.Bd2 O-O 12.Qc1 e5 13.Bh6 Be6 14.Bxg7 Kxg7 15.Re1 Qd7 16.a4
Ndb4 17.a5 Rac8 18.axb6 axb6 19.Qd2 Rc7 20.Rad1 h6 21.c3 Bb3 22.cxb4 Bxd1 23.
Rxd1 Nxb4 24.Qc3 1/2-1/2

[Event "Campeonato de Aragon por Equipos 2009"]
[Site "Aragon"]
[Date "2009.01.24"]
[Round "1.54"]
[White "Navarro Alonso Jorge Luis"]
[Black "Jaques Burguete Raul"]
[Result "1-0"]
[WhiteElo "2176"]
[BlackElo "2100"]

1.d4 d5 2.Nf3 c5 3.e3 e6 4.Nbd2 Nf6 5.c3 Nc6 6.Bd3 c4 7.Bc2 b5 8.a3 Bb7 9.O-O
Qc7 10.Qe2 Bd6 11.e4 dxe4 12.Nxe4 Nxe4 13.Bxe4 Ne7 14.a4 Rb8 15.axb5 Bd5 16.
Bxd5 exd5 17.Re1 O-O 18.Bf4 Nc8 19.Bxd6 Qxd6 20.Ra5 Qd8 21.Rea1 f6 22.Qe6+ Kh8
23.g3 Rb6 24.Qf5 Rf7 25.Ng5 1-0

[Event "Campeonato de Aragon por Equipos 2009"]
[Site "Aragon"]
[Date "2009.01.24"]
[Round "1.55"]
[White "Moreno Gracia David"]
[Black "Montes Santos Lorenzo"]
[Result "0-1"]
[WhiteElo "1911"]
[BlackElo "2089"]

1.c4 Nf6 2.Nc3 c5 3.g3 d5 4.cxd5 Nxd5 5.Bg2 e6 6.Qb3 Nb6 7.d3 Nc6 8.Nf3 Be7 9.
O-O O-O 10.Bf4 g5 11.Be3 g4 12.Nd2 Nd4 13.Bxd4 cxd4 14.Na4 Nd5 15.Rac1 h5 16.
Qd1 Bg5 17.Bxd5 exd5 18.Nc5 Kg7 19.Rc2 h4 20.Ndb3 b6 21.Nxd4 bxc5 22.Rxc5 hxg3
23.hxg3 Bf6 24.Nb5 Qb6 25.d4 Be6 26.Nc7 Rac8 27.Nxd5 Bxd5 28.Rxd5 Qe6 29.Ra5
Rh8 30.Qd3 Rh3 31.d5 Rch8 0-1

[Event "Campeonato de Aragon por Equipos 2009"]
[Site "Aragon"]
[Date "2009.01.24"]
[Round "1.56"]
[White "Cerrajeria Ruiz Jesus Maria"]
[Black "Solanas Godes Beatriz"]
[Result "1-0"]
[WhiteElo "2079"]
[BlackElo "1773"]

1.e4 e5 2.Nf3 Nc6 3.Bc4 Bc5 4.O-O Nf6 5.b4 Bxb4 6.c3 Be7 7.d4 exd4 8.e5 Ne4 9.
cxd4 d5 10.exd6 Nxd6 11.Bd3 O-O 12.Nc3 Bg4 13.Nd5 Bf6 14.Bb2 Kh8 15.Rc1 Rc8
16.Bb1 Bxf3 17.Qxf3 Bxd4 18.Qd3 Qh4 19.g3 Qe4 20.Qxe4 Nxe4 21.Bxd4 Nxd4 22.
Bxe4 Ne2+ 23.Kg2 Nxc1 24.Rxc1 c6 25.Ne3 Rfd8 26.Rb1 Rc7 27.Rb2 Rd4 28.Bc2 g6
29.Bb3 Kg7 30.Re2 Kf8 31.Nc2 Rd6 32.g4 a5 33.Ne3 b5 34.a4 Rd4 35.Ra2 Ra7 36.
Kf3 Ke7 37.Ke2 Rb4 38.Bd1 Rd4 39.f3 Kf6 40.h4 h6 41.Bb3 Rb4 42.Bc2 Rd4 43.Be4
Ra6 44.axb5 cxb5 45.Nd5+ Kg7 46.Nc7 Rb6 47.Rxa5 Rb4 48.Nd5 Rb2+ 49.Kd3 Rb8 50.
Kc3 Rh2 51.Ne7 b4+ 52.Kb3 Rxh4 53.Nc6 Rb6 54.Nxb4 h5 55.gxh5 f5 56.Ra7+ Kh6
57.hxg6 fxe4 58.Rh7+ Kxg6 59.Rxh4 exf3 60.Kc3 Kg5 61.Rh1 Re6 62.Rg1+ Kf5 63.
Nd3 Re8 64.Kd4 Re2 65.Rg8 Re6 66.Rg3 f2 67.Rf3+ Kg5 68.Rxf2 Re8 69.Ne5 Kh4 70.
Rg2 Kh3 71.Ra2 Rf8 72.Ke4 Rf1 73.Nf3 Rb1 74.Nd2 Rc1 75.Kf4 Rc8 76.Kf3 Rf8+ 1-0

[Event "Campeonato de Aragon por Equipos 2009"]
[Site "Aragon"]
[Date "2009.01.24"]
[Round "1.57"]
[White "Romon Poves Raul"]
[Black "Vera Jimenez Andres"]
[Result "1-0"]
[WhiteElo "2251"]
[BlackElo "2014"]

1.e4 c5 2.Nf3 e6 3.d3 Nc6 4.g3 g6 5.Bg2 Bg7 6.c3 Nge7 7.O-O O-O 8.d4 d5 9.e5
Qb6 10.dxc5 Qxc5 11.Bf4 Qb6 12.Qd2 Bd7 13.Na3 Rad8 14.Nc2 f6 15.exf6 Bxf6 16.
Ne3 d4 17.Ng4 Bg7 18.c4 Nf5 19.Nge5 Qc5 20.Rfe1 Bc8 21.Rac1 Rfe8 22.Nd3 Qa5
23.Qxa5 Nxa5 24.Bc7 Nc6 25.Bxd8 Rxd8 26.b4 a6 27.b5 axb5 28.cxb5 Nce7 29.Nfe5
Nd5 30.Bxd5 Rxd5 31.Rxc8+ 1-0

[Event "Campeonato de Aragon por Equipos 2009"]
[Site "Aragon"]
[Date "2009.01.24"]
[Round "1.58"]
[White "Sierra Aguerri Joaquin"]
[Black "Gil Capape MA"]
[Result "1/2-1/2"]
[WhiteElo "1990"]
[BlackElo "2161"]

1.e4 e5 2.Bc4 Nf6 3.Nf3 Nxe4 4.d3 Nd6 5.Bb3 Nc6 6.O-O f6 7.Nh4 g6 8.f4 f5 9.
Nf3 e4 10.dxe4 Nxe4 11.Be3 Qf6 12.Ne5 Nxe5 13.fxe5 Qxe5 14.Kh1 Bd6 15.Bg1 b6
16.Nd2 Ba6 17.Nf3 Qf4 18.Qd4 O-O-O 19.Be3 Qxh2+ 20.Nxh2 Ng3+ 21.Kg1 Ne2+ 22.
Kh1 Ng3+ 23.Kg1 Ne2+ 24.Kh1 Nxd4 25.Bxd4 Bxf1 26.Rxf1 Rhe8 27.Nf3 Re4 28.Bd5
Re2 29.Bc4 Re4 30.Bd5 Re2 31.Bc4 Rxc2 32.Ba6+ Kb8 33.Bd3 Rc5 34.b4 Rd5 35.Bc4
Rxd4 36.Nxd4 Bxb4 37.Rd1 Re8 38.Bb5 Re4 39.Nf3 c6 40.Bd3 Re7 41.Kg1 d5 42.Kf1
Kc7 43.a3 Ba5 44.Kf2 Kd6 45.Nd4 Bc3 46.Nf3 c5 47.Bc4 d4 48.Rh1 Bb2 49.Ng5 Bxa3
50.Nxh7 Bb4 51.Rh6 Be1+ 52.Kf1 Bd2 53.Rxg6+ Ke5 54.Nf8 Kf4 55.Ne6+ Ke4 56.Ke2
Be3 57.Rg7 Rxg7 58.Nxg7 Ke5 59.Ne8 Bg5 60.Nc7 a5 61.Na8 Bd8 62.Bb5 Kd5 63.Kd3
Kd6 64.Kc4 Ke5 65.Kd3 Kf4 66.Ke2 Kg3 67.Kf1 f4 68.Kg1 a4 69.Bxa4 c4 70.Bb5 c3
71.Bd3 b5 72.Be4 b4 73.Kf1 b3 74.Ke2 Ba5 75.Kd1 Kf2 76.Bd5 d3 77.Bxb3 c2+ 78.
Kc1 Kxg2 79.Nc7 Bxc7 80.Bc4 Kf2 81.Bxd3 Ke3 82.Kxc2 f3 83.Ba6 f2 84.Kd1 Ba5
85.Bb5 Be1 86.Ba6 Kf3 87.Bb5 Kg2 88.Ba6 Ba5 89.Bb5 f1=Q+ 90.Bxf1+ Kxf1 1/2-1/2

[Event "Campeonato de Aragon por Equipos 2009"]
[Site "Aragon"]
[Date "2009.01.24"]
[Round "1.59"]
[White "Argueso Pascual Manuel"]
[Black "Sancho Casale Jesus"]
[Result "0-1"]
[WhiteElo "1956"]
[BlackElo "1901"]

1.e4 c5 2.Nf3 d6 3.d4 cxd4 4.Nxd4 Nf6 5.Nc3 Nc6 6.Bb5 Bd7 7.O-O g6 8.Re1 Bg7
9.Bg5 O-O 10.Qd2 Nxd4 11.Bxd7 Nxd7 12.Nd5 Nc6 13.Rab1 Nf6 14.Qe2 Re8 15.b4 Nd4
16.Qc4 Nxd5 17.Qxd5 e6 18.Qxd4 Bxd4 19.Bxd8 Rexd8 20.Kf1 Rac8 21.Re2 Rc3 22.
Ke1 Rdc8 23.Kd1 Ra3 24.Rc1 Rcc3 25.g3 Rxa2 26.Rd2 e5 27.Rb1 b5 28.Rb3 Rxb3 29.
cxb3 Rxd2+ 30.Kxd2 Bxf2 31.Ke2 Bd4 32.Kd3 Kg7 0-1

[Event "Campeonato de Aragon por Equipos 2009"]
[Site "Aragon"]
[Date "2009.01.24"]
[Round "1.60"]
[White "Turon Perez David"]
[Black "Argueso Palomino Manuel"]
[Result "1/2-1/2"]
[WhiteElo "1758"]
[BlackElo "1832"]

1.e4 c6 2.d4 d5 3.Nc3 dxe4 4.Nxe4 Nd7 5.Nf3 Ngf6 6.Nxf6+ Nxf6 7.Bc4 e6 8.O-O
Be7 9.Qe2 O-O 10.Bg5 Nd5 11.Bd2 Bf6 12.c3 Qc7 13.Qe4 g6 14.Bh6 Bg7 15.Qh4 Bxh6
16.Qxh6 f6 17.Rfe1 Qf4 18.Qxf4 Nxf4 19.Re4 Nd5 20.Rae1 b5 21.Bf1 Bd7 22.g3
Rae8 23.Bh3 Nc7 24.Nd2 Kf7 25.Nb3 Na6 26.f4 Re7 27.f5 Rfe8 28.fxe6+ Bxe6 29.
Bxe6+ Rxe6 30.Rxe6 Rxe6 31.Rxe6 Kxe6 32.Kf2 Kd5 33.Ke3 h5 34.Nd2 Nc7 35.b3 Ne8
36.c4+ bxc4 37.bxc4+ Ke6 38.h3 Nd6 39.g4 hxg4 40.hxg4 g5 41.a4 f5 42.c5 Ne8
43.Nf3 fxg4 44.Nxg5+ Kd5 45.Ne4 Ng7 46.Kd3 Ke6 47.Ng3 Nf5 48.Nh5 g3 49.Ke4 a5
50.Nf4+ Kf6 51.d5 cxd5+ 52.Kxd5 Ke7 53.Kc6 Nd4+ 54.Kb6 Kd7 55.Ng2 Nc6 56.Ne3
Nd8 57.Nc4 g2 58.Ne5+ Kc8 59.Nf3 Ne6 60.c6 Nd4 61.Ng1 Kb8 62.Kc5 Nb3+ 63.Kd6
Kc8 64.Kd5 Kc7 65.Kc4 Nd2+ 66.Kb5 Ne4 67.Kxa5 Kxc6 68.Kb4 Kb6 69.Kc4 Ka5 70.
Kd4 Nf6 71.Ke3 Kxa4 72.Kf3 1/2-1/2

[Event "Campeonato de Aragon por Equipos 2009"]
[Site "Aragon"]
[Date "2009.01.24"]
[Round "1.62"]
[White "Sicilia Ruiz Manuel"]
[Black "Minguez Guinda Andres"]
[Result "1-0"]
[WhiteElo "2153"]
[BlackElo "1942"]

1.d4 d5 2.Nf3 Nf6 3.e3 e6 4.Bd3 Nbd7 5.O-O Bd6 6.Nbd2 e5 7.e4 dxe4 8.Nxe4 O-O
9.Bg5 exd4 10.Nxd6 cxd6 11.Nxd4 h6 12.Bh4 Ne5 13.Bf5 Ng6 14.Bg3 Bxf5 15.Nxf5
d5 16.Qd4 Re8 17.c3 Re4 18.Qd2 Qd7 19.Nd4 Rae8 20.f3 R4e7 21.Rfe1 Ne5 22.Bxe5
Rxe5 23.Rxe5 Rxe5 24.Re1 Rg5 25.Ne2 Qa4 26.b3 Qc6 27.Nf4 d4 28.Qxd4 Qxf3 29.
Qd8+ Kh7 30.Qd3+ Qxd3 31.Nxd3 Rd5 32.Nf4 Rd7 33.c4 g5 34.Nd5 Nxd5 35.cxd5 Kg6
36.Rc1 f5 37.Re1 Rxd5 38.Re6+ Kf7 39.Rxh6 Kg7 40.Re6 Kf7 41.Re2 Kf6 42.Kf2 b5
43.Rc2 b4 44.Ke3 Ke5 45.h3 f4+ 46.Kf3 Rd3+ 47.Kf2 a5 48.Rc5+ Rd5 49.Rxd5+ Kxd5
50.Kf3 Ke5 51.Kg4 Kf6 52.h4 1-0

[Event "Campeonato de Aragon por Equipos 2009"]
[Site "Aragon"]
[Date "2009.01.24"]
[Round "1.63"]
[White "Buil Montanes Carlos"]
[Black "Fernandez Urrutia Gallo Carlos"]
[Result "0-1"]
[WhiteElo "1898"]
[BlackElo "1998"]

1.c4 e6 2.Nc3 Nf6 3.Nf3 d5 4.e3 Be7 5.d4 O-O 6.Bd3 b6 7.O-O Bb7 8.Ne5 Nbd7 9.
cxd5 exd5 10.Qc2 c5 11.Nxd7 Qxd7 12.dxc5 Bxc5 13.e4 d4 14.Ne2 Qe7 15.Ng3 Rac8
16.Qe2 Rfe8 17.f3 Nd7 18.Bd2 Ne5 19.Kh1 Nxd3 20.Qxd3 g6 21.Rae1 a5 22.f4 Ra8
23.Rf2 Ba6 24.Qf3 d3 25.Rff1 Bb4 26.Qe3 Rac8 27.e5 Bxd2 28.Qxd2 Rc2 29.Qe3 d2
30.Ne4 dxe1=Q 31.Rxe1 Bb7 32.f5 Bxe4 33.f6 Qxe5 0-1

[Event "Campeonato de Aragon por Equipos 2009"]
[Site "Aragon"]
[Date "2009.01.31"]
[Round "2.1"]
[White "Lopez Gracia Fernando"]
[Black "Fontana Sotomayour Luis Javier"]
[Result "1/2-1/2"]
[WhiteElo "2297"]
[BlackElo "2340"]

1.e4 e5 2.Nf3 d6 3.d4 Nf6 4.dxe5 Nxe4 5.Qd5 Nc5 6.Bg5 Qd7 7.exd6 Bxd6 8.Nc3
O-O 9.O-O-O a6 10.Be3 Qc6 11.Qh5 Nbd7 12.Nd4 Nf6 13.Nxc6 Nxh5 14.Bxc5 Bxc5 15.
Ne4 Bb6 16.Ne7+ Kh8 17.Nd5 Be6 18.Nxb6 cxb6 19.Nd6 Nf6 20.Bc4 Bxc4 21.Nxc4 b5
22.Nd6 b6 23.Rhe1 Ra7 24.Ne4 Nxe4 25.Rxe4 g6 26.Rd6 Rb7 27.f4 Rc8 28.Kd2 Kg7
29.Kd3 Rc5 30.Re5 Rc4 31.Re4 Rc5 32.g3 Rbc7 33.c3 R5c6 34.Red4 h5 35.Ke4 Re7+
36.Kf3 Rec7 37.h4 f5 38.Ke3 Kf7 39.Rd7+ Rxd7 40.Rxd7+ Ke6 41.Rd8 a5 42.Kd4
Rc4+ 43.Kd3 Rc6 44.b3 Rc5 45.Kd4 Rc6 46.Rd5 Rd6 47.c4 b4 48.Rxd6+ 1/2-1/2